000 00467nam a22001937a 4500
003 MPLRDC
005 20220104142736.0
008 210129b ||||| |||| 00| 0 eng d
020 _a986-7903-90-0
082 _a216.9 LSY-29
100 _a卢胜彦
245 _a指引一条明路
_c
250 _a初版
260 _a
_b大灯文化
_c2005
300 _b
490 _a卢胜彦文集. 181
650 _a灵魂论; 来生论
942 _cBK
_o216.9 LSY-29
999 _c33354
_d33344